[Event "Nis op"]
[Site "Nis"]
[Date "1997.??.??"]
[Round "4"]
[White "Jovicevic, Bozidar"]
[Black "Carnic, Srdjan"]
[Result "1/2-1/2"]
[WhiteElo "2300"]
[BlackElo "2310"]
[PlyCount "67"]
[EventDate "1997.??.??"]
[EventType "swiss"]
[EventRounds "11"]
[EventCountry "YUG"]
[SourceTitle "EXT 2002"]
[Source "ChessBase"]
[SourceDate "2001.11.25"]
[SourceVersion "1"]
[SourceVersionDate "2001.11.25"]
[SourceQuality "1"]

1. Nf3 d5 2. d4 Nf6 3. c4 c6 4. Nc3 e6 5. e3 Nbd7 6. Bd3 dxc4 7. Bxc4 b5 8. Bd3 Bb7 9. 0-0 b4 10. Na4 Be7 11. e4 Qa5 12. a3 Ba6 13. axb4 Bxb4 14. Bg5 Bxd3 15. Qxd3 0-0 16. Bxf6 Nxf6 17. e5 Nd5 18. Ng5 g6 19. Qh3 h5 20. Nc5 Qd8 21. Nge4 Bxc5 22. Nxc5 Qe7 23. Qf3 Rfb8 24. b3 Rb4 25. Rfd1 Qg5 26. g3 Qe7 27. h4 Qd8 28. Rd3 a5 29. Rad1 Qb6 30. Kg2 Rd8 31. Ne4 Rb8 32. Nc5 Rd8 33. Ne4 Rb8 34. Nc5 1/2-1/2

[Event "Nis op"]
[Site "Nis"]
[Date "1997.??.??"]
[Round "6"]
[White "Zivkovic, Branimir"]
[Black "Jovicevic, Bozidar"]
[Result "1/2-1/2"]
[WhiteElo "2215"]
[BlackElo "2300"]
[PlyCount "98"]
[EventDate "1997.??.??"]
[EventType "swiss"]
[EventRounds "11"]
[EventCountry "YUG"]
[SourceTitle "EXT 2002"]
[Source "ChessBase"]
[SourceDate "2001.11.25"]
[SourceVersion "1"]
[SourceVersionDate "2001.11.25"]
[SourceQuality "1"]

1. e4 c5 2. Nf3 Nc6 3. d4 cxd4 4. Nxd4 Nf6 5. Nc3 d6 6. Be2 e5 7. Nb3 Be7 8. 0-0 0-0 9. Be3 a5 10. a4 Nb4 11. f3 Be6 12. Nd2 d5 13. exd5 Nfxd5 14. Nxd5 Nxd5 15. Bf2 Qc7 16. c4 Nf4 17. Re1 Rad8 18. Qc2 Bc5 19. Ne4 Bxf2+ 20. Nxf2 Rd4 21. Bf1 Rfd8 22. Qc3 Qc5 23. Qa3 Qc7 24. Qe3 f6 25. b3 Bf5 26. Ra2 Ne6 27. Rb2 Nc5 28. Qc3 Qb6 29. Re3 Bd3 30. g3 Bxf1 31. Kxf1 R8d6 32. Kg2 Qd8 33. Rbe2 h5 34. b4 axb4 35. Qxb4 Qc8 36. a5 h4 37. Qb5 Kf7 38. Qb1 Rd8 39. Qc2 Rh8 40. Qb1 Qd7 41. Qb5 Qc8 42. Qb1 Rh5 43. Rb2 hxg3 44. hxg3 Qh8 45. Ree2 Rh2+ 46. Kg1 Qh5 47. Red2 Qg5 48. Kxh2 Rxd2 49. Kg2 Qe3 1/2-1/2

[Event "YUG-ch op"]
[Site "Nis"]
[Date "1996.??.??"]
[Round "5"]
[White "Djukic, Zeljko"]
[Black "Jovicevic, Bozidar"]
[Result "1/2-1/2"]
[WhiteElo "2385"]
[BlackElo "2275"]
[PlyCount "25"]
[EventDate "1996.??.??"]
[EventType "swiss"]
[EventRounds "10"]
[EventCountry "YUG"]
[SourceTitle "EXT 1999"]
[Source "ChessBase"]
[SourceDate "1998.11.16"]
[SourceVersion "1"]
[SourceVersionDate "1998.11.16"]
[SourceQuality "1"]

1. Nf3 c5 2. e4 Nc6 3. d3 g6 4. g3 Bg7 5. Bg2 e6 6. 0-0 Nge7 7. c3 d5 8. Qe2 b6 9. a4 h6 10. Na3 0-0 11. e5 a6 12. h4 Rb8 13. Bf4 1/2-1/2

[Event "YUG-chT"]
[Site "Vrnjacka Banja"]
[Date "1996.??.??"]
[Round "?"]
[White "Parezanin, Darko"]
[Black "Jovicevic, Bozidar"]
[Result "0-1"]
[WhiteElo "2275"]
[BlackElo "2275"]
[PlyCount "46"]
[EventDate "1996.??.??"]
[EventType "team"]
[EventRounds "11"]
[EventCountry "YUG"]
[SourceTitle "EXT 2000"]
[Source "ChessBase"]
[SourceDate "1999.11.16"]
[SourceVersion "1"]
[SourceVersionDate "1999.11.16"]
[SourceQuality "1"]

1. c4 e5 2. Nc3 Nc6 3. g3 Nf6 4. Bg2 Bc5 5. e3 0-0 6. Nge2 d6 7. 0-0 Bf5 8. d4 exd4 9. Nxd4 Bxd4 10. exd4 h6 11. a3 Qd7 12. Nd5 Nxd5 13. cxd5 Ne7 14. Qb3 c6 15. dxc6 bxc6 16. Re1 Be6 17. Qc2 Bd5 18. Bf1 Rae8 19. Bf4 Ng6 20. Be3 Nh4 21. f4 Nf3+ 22. Kf2 Nxh2 23. Be2 Qh3 0-1

[Event "YUG-chT"]
[Site "Tivat"]
[Date "1995.??.??"]
[Round "1"]
[White "Jovicevic, Bozidar"]
[Black "Brajovic, Radovan"]
[Result "0-1"]
[WhiteElo "2280"]
[BlackElo "2385"]
[PlyCount "70"]
[EventDate "1995.??.??"]
[EventType "team-swiss"]
[EventRounds "11"]
[EventCountry "YUG"]
[SourceTitle "CBM 048 Extra"]
[Source "ChessBase"]
[SourceDate "1995.11.01"]
[SourceVersion "1"]
[SourceVersionDate "1995.11.01"]
[SourceQuality "1"]

1. e4 c5 2. Nc3 Nc6 3. Nf3 e6 4. d4 cxd4 5. Nxd4 Qc7 6. Be2 a6 7. 0-0 Nf6 8. Be3 Bb4 9. Na4 Be7 10. Nxc6 bxc6 11. Nb6 Rb8 12. Nxc8 Qxc8 13. e5 Nd5 14. Bc1 Bc5 15. c4 Ne7 16. b3 Ng6 17. Bb2 Qc7 18. Kh1 0-0 19. f4 a5 20. Qc2 d6 21. exd6 Bxd6 22. g3 Rfd8 23. Rad1 Be7 24. Bf3 Bf6 25. Bxf6 gxf6 26. Qc3 f5 27. h4 h6 28. h5 Nf8 29. Qf6 Nh7 30. Qxh6 Rxd1 31. Rxd1 Kh8 32. g4 fxg4 33. Bxg4 Qe7 34. Bh3 Qh4 35. Kh2 Rg8 0-1

[Event "YUG-ch U20"]
[Site "Kopaonik"]
[Date "1995.??.??"]
[Round "?"]
[White "Solak, Dragan"]
[Black "Jovicevic, Bozidar"]
[Result "1-0"]
[WhiteElo "2200"]
[BlackElo "2115"]
[PlyCount "49"]
[EventDate "1995.??.??"]
[EventType "tourn"]
[EventRounds "13"]
[EventCountry "YUG"]
[SourceTitle "EXT 2006"]
[Source "ChessBase"]
[SourceDate "2005.11.24"]
[SourceVersion "1"]
[SourceVersionDate "2005.11.24"]
[SourceQuality "1"]

1. e4 e6 2. d4 d5 3. Nc3 Bb4 4. e5 Ne7 5. a3 Bxc3+ 6. bxc3 c5 7. a4 Qa5 8. Bd2 Nbc6 9. Nf3 0-0 10. Bd3 f6 11. h4 c4 12. Bxh7+ Kxh7 13. Ng5+ Kg8 14. Qh5 fxg5 15. hxg5 Rd8 16. g6 Kf8 17. Qh8+ Ng8 18. Rh7 Nce7 19. Rxg7 Rd7 20. Ke2 Rc7 21. Bg5 Ke8 22. Rxg8+ Nxg8 23. Qxg8+ Kd7 24. Qd8+ Kc6 25. Qd6# 1-0

[Event "YUG-chT"]
[Site "Igalo"]
[Date "1994.??.??"]
[Round "7"]
[White "Jovicevic, Bozidar"]
[Black "Miladinovic, Igor"]
[Result "0-1"]
[WhiteElo "2300"]
[BlackElo "2480"]
[PlyCount "120"]
[EventDate "1994.??.??"]
[EventType "team"]
[EventRounds "9"]
[EventCountry "YUG"]
[SourceTitle "EXT 2002"]
[Source "ChessBase"]
[SourceDate "2001.11.25"]
[SourceVersion "1"]
[SourceVersionDate "2001.11.25"]
[SourceQuality "1"]

1. e4 c5 2. Nf3 Nc6 3. d4 cxd4 4. Nxd4 Qc7 5. Nc3 e6 6. Be2 a6 7. 0-0 Nf6 8. Be3 Bb4 9. Na4 Be7 10. Nxc6 bxc6 11. Nb6 Rb8 12. Nxc8 Qxc8 13. e5 Nd5 14. Bc1 Bc5 15. c4 Ne7 16. b3 Qc7 17. Bb2 d6 18. exd6 Bxd6 19. Qd4 c5 20. Qe4 Ng6 21. g3 Be5 22. Bxe5 Qxe5 23. Qc6+ Ke7 24. Bd3 Qd6 25. Qxd6+ Kxd6 26. Rad1 Kc7 27. Bxg6 hxg6 28. Rd3 Rbd8 29. Rfd1 Rxd3 30. Rxd3 g5 31. Kg2 a5 32. h3 f6 33. g4 Ra8 34. Kg3 a4 35. h4 gxh4+ 36. Kxh4 Rh8+ 37. Kg3 a3 38. Kg2 Rd8 39. Rxd8 Kxd8 40. Kf3 Kc7 41. Ke4 g5 42. f4 gxf4 43. Kxf4 Kb6 44. g5 fxg5+ 45. Kxg5 Ka5 46. Kf6 Kb4 47. Kxe6 Kc3 48. Kd5 Kb2 49. Kxc5 Kxa2 50. Kd6 Kb2 51. c5 a2 52. c6 a1Q 53. c7 Qa8 54. Kd7 Qd5+ 55. Ke8 Qe6+ 56. Kd8 Qd6+ 57. Kc8 Kc3 58. b4 Kc4 59. Kb7 Qd5+ 60. Ka7 Qc6 0-1